Score 0/24 Timer 08:00
0 Plays Today
Book/Series Author % Correct
The HobbitJ.R.R. Tolkien
86.9%
Chronicles of NarniaC.S. Lewis
85.5%
MatildaRoald Dahl
83.9%
Little WomenLouisa May Alcott
82.9%
The Jungle BookRudyard Kipling
80.4%
Winnie-the-PoohA.A. Milne
80.1%
Treasure IslandRobert Louis Stevenson
75.1%
Peter PanJ.M. Barrie
71.7%
Charlotte's WebE.B. White
66.1%
Rip Van WinkleWashington Irving
46.8%
The Very Hungry CaterpillarEric Carle
46.2%
The Golden CompassPhilip Pullman
44.9%
Book/Series Author % Correct
Percy JacksonRick Riordan
35.1%
Chitty Chitty Bang BangIan Fleming
33%
The Graveyard BookNeil Gaiman
23.5%
Island of The Blue DolphinsScott O'Dell
21.9%
Mr. Men (picture book series)Roger Hargreaves
17.6%
The Polar ExpressChris van Allsburg
16.2%
The Phantom TollboothNorton Juster
15.8%
Owl MoonJane Yolen
10.5%
The PigmanPaul Zindel
9.8%
Half MagicEdward Eager
8.8%
Charlie BoneJenny Nimmo
8.3%
The Cronus ChroniclesAnne Ursu
4.8%

You're not logged in!

Compare scores with friends on all Sporcle quizzes.
OR
Log In

Sporcle TV

Today on Sporcle TV


Watch our educational content, quiz creation guides, and fun videos on Sporcle TV.

Show Comments

Extras

Top Quizzes Today


Score Distribution

Your Account Isn't Verified!

In order to create a playlist on Sporcle, you need to verify the email address you used during registration. Go to your Sporcle Settings to finish the process.

Report this User

Report this user for behavior that violates our Community Guidelines.

Details: